00261nam a2200097Ia 450000100070000000500170000700800410002424500660006526000250013130000070015658745420250717113816.0250717s9999 xx 000 0 und d 0aX-7 UZAYI KEŞFEDİYORUM URANÜScŞEBNEM ÖZDEMİRCİ bBETA YAYINLARIc2021 b18